000 00328nam a2200085Ia 4500
245 0 _aToddler sense : understanding your toddler's sensory world - the key to a happy, well-balanced child
100 _a RICHARDON, Ann Welgemoed, South Africa, 2005 1st ed
_976852
942 _cBK
008 210817s9999 xx 000 0 und d
999 _c261114
_d261113